[Event "28th Rilton Cup"]
[Site "Stockholm SWE"]
[Date "1998.12.30"]
[Round "3.8"]
[White "Holmsten, Aleksei"]
[Black "Brynell, Stellan"]
[Result "1/2-1/2"]
[WhiteElo "2400"]
[BlackElo "2485"]
[EventDate "1998.12.28"]
[PlyCount "151"]

1.e4 e6 2.d4 d5 3.exd5 exd5 4.Nf3 Nc6 5.c3 Bd6 6.Bd3 Bg4 7.O-O Nge7 8.Re1 
Qd7 9.Nbd2 f6 10.b4 O-O 11.Qc2 Bf5 12.Nb3 Rae8 13.Bd2 Bxd3 14.Qxd3 Qf5 15.
Qxf5 Nxf5 16.g4 Nfe7 17.Nc5 Bxc5 18.bxc5 Ng6 19.Reb1 b6 20.cxb6 axb6 21.
Rb5 Rd8 22.Re1 Kf7 23.h4 Rd7 24.Bc1 Ra8 25.Rb2 Re7 26.Rxe7+ Kxe7 27.h5 Nf8
28.Nh4 g6 29.hxg6 hxg6 30.Re2+ Kf7 31.g5 fxg5 32.Bxg5 Ra3 33.Rc2 Ne6 34.
Bc1 Ra8 35.Nf3 Kf6 36.Re2 Ra4 37.Kg2 Rc4 38.Bd2 Ra4 39.Bc1 Ra8 40.Kg3 Ra4 
41.Kg4 Rc4 42.Ng5 Nexd4 43.cxd4 Rxc1 44.Re6+ Kg7 45.Nf3 Kh6 46.Kf4 Rc4 47.
Ke3 Rc3+ 48.Ke2 Rxf3 49.Rxc6 Rf7 50.a4 Kg5 51.a5 bxa5 52.Rc5 c6 53.Rxa5 
Kf4 54.Rc5 Rf6 55.f3 Kg3 56.Rc3 Re6+ 57.Kf1 g5 58.Ra3 Re8 59.Rc3 Re6 60.
Ra3 Rh6 61.Rc3 Kf4 62.Kg2 Rg6 63.Kf2 g4 64.fxg4 Ke4 65.Rc1 Kxd4 66.Kf3 
Rf6+ 67.Kg3 Ke3 68.g5 Rd6 69.Rf1 c5 70.Rf6 Rd8 71.g6 c4 72.Rf3+ Ke2 73.
Rf2+ Ke1 74.Rg2 d4 75.Kf3 c3 76.g7 1/2-1/2

[Event "28th Rilton Cup"]
[Site "Stockholm SWE"]
[Date "1998.12.30"]
[Round "3.9"]
[White "Johansson, Gunnar"]
[Black "Gretarsson, Helgi Ass"]
[Result "0-1"]
[WhiteElo "2220"]
[BlackElo "2480"]
[EventDate "1998.12.28"]
[PlyCount "98"]

1.e4 c5 2.c3 e6 3.Nf3 Nc6 4.d4 d5 5.exd5 exd5 6.Bb5 Bd6 7.O-O Ne7 8.dxc5 
Bxc5 9.Nbd2 O-O 10.Nb3 Bb6 11.Re1 Bg4 12.Bf4 Ng6 13.Be3 Nce5 14.Bxb6 Qxb6 
15.Be2 Nf4 16.Nbd4 Bxf3 17.Nxf3 Nxf3+ 18.Bxf3 Qxb2 19.Qd4 Ne6 20.Qxd5 Rab8
21.Qb3 Qd2 22.Rad1 Qg5 23.Qa3 Qc5 24.Qxc5 Nxc5 25.Re7 Rfe8 26.Rde1 Kf8 27.
Rxe8+ Rxe8 28.Kf1 Rd8 29.Re5 b6 30.Ke2 Nd3 31.Re4 Nc1+ 32.Ke1 Nxa2 33.Ra4 
Nxc3 34.Rxa7 Rd6 35.h4 g6 36.g3 h6 37.Rc7 Nb5 38.Rb7 Nd4 39.Bg4 Nb3 40.Be2
Re6 41.Kf1 Nd2+ 42.Ke1 Ne4 43.Rc7 b5 44.Bg4 f5 45.Be2 b4 46.Bc4 Re5 47.Kf1
Nd2+ 48.Kg2 Nxc4 49.Rxc4 Rb5 0-1

[Event "28th Rilton Cup"]
[Site "Stockholm SWE"]
[Date "1998.12.30"]
[Round "3.13"]
[White "Agrest, Evgenij"]
[Black "Tella, Jussi"]
[Result "1-0"]
[WhiteElo "2545"]
[BlackElo "2395"]
[EventDate "1998.12.28"]
[PlyCount "77"]

1.c4 e5 2.Nc3 Bb4 3.Nd5 Be7 4.d4 d6 5.e3 Nf6 6.Nxe7 Qxe7 7.Ne2 O-O 8.d5 a5
9.Nc3 Na6 10.e4 Nc5 11.Qf3 Bg4 12.Qe3 Nh5 13.h3 Bd7 14.g3 g6 15.Be2 f5 16.
exf5 Rxf5 17.Bd2 Qf7 18.Rh2 Nf6 19.O-O-O b5 20.Nxb5 Bxb5 21.cxb5 Nxd5 22.
Qa3 Nb6 23.Be3 Nc4 24.Qc3 Nxe3 25.fxe3 Kg7 26.Bc4 Qf6 27.g4 Ne4 28.Qc2 Rf2
29.Rxf2 Nxf2 30.Rf1 Rf8 31.Kb1 Qf3 32.Be6 Qxe3 33.Qxc7+ Kh6 34.Qc1 Qxc1+ 
35.Rxc1 Kg5 36.Rc8 Rxc8 37.Bxc8 e4 38.b6 e3 39.Ba6 1-0

[Event "28th Rilton Cup"]
[Site "Stockholm SWE"]
[Date "1998.12.30"]
[Round "3.14"]
[White "Paterek, Michal"]
[Black "Schandorff, Lars"]
[Result "0-1"]
[WhiteElo "2050"]
[BlackElo "2535"]
[EventDate "1998.12.28"]
[PlyCount "130"]

1.Nf3 d5 2.d4 Nf6 3.c4 c6 4.Nc3 e6 5.cxd5 exd5 6.Qc2 Be7 7.Bg5 g6 8.e3 Bf5
9.Bd3 Bxd3 10.Qxd3 O-O 11.O-O Nbd7 12.Bh6 Re8 13.Rab1 a5 14.a3 Bd6 15.Bf4 
Bxf4 16.exf4 Ne4 17.Rfe1 Nd6 18.Rxe8+ Qxe8 19.Re1 Qd8 20.Ne5 Nf8 21.Ne2 
Qb6 22.b3 Re8 23.Rd1 Ne6 24.Ng4 Qd8 25.g3 Ng7 26.h4 Qe7 27.Rd2 Ne4 28.Ra2 
Nf5 29.Kg2 Kg7 30.Ne5 f6 31.Nf3 h5 32.Nc3 Qd6 33.Ne2 Re7 34.Qb1 c5 35.Qd3 
b6 36.a4 Rc7 37.Rc2 Qe6 38.Qb5 Re7 39.Qd3 Rc7 40.Qb5 Re7 41.dxc5 bxc5 42.
Qxa5 d4 43.Nc1 Qd5 44.Qb5 Nexg3 45.Qd3 Ne4 46.Kg1 Nfd6 47.b4 cxb4 48.Qxd4 
Qf5 49.Qd3 Qxf4 50.Ne2 Qg4+ 51.Kf1 Qh3+ 52.Kg1 Qg4+ 53.Kf1 Qh3+ 54.Kg1 Nf5
55.Rc4 Nxh4 56.Ne1 Qxd3 57.Nxd3 Nf3+ 58.Kg2 Ned2 59.Rxb4 Rxe2 60.a5 Ne1+ 
61.Nxe1 Rxe1 62.a6 Ra1 63.Rb7+ Kh6 64.Ra7 Ne4 65.Re7 Nd6 0-1

[Event "28th Rilton Cup"]
[Site "Stockholm SWE"]
[Date "1998.12.30"]
[Round "3.20"]
[White "Hagesaether, Paal Vegard"]
[Black "Bezold, Michael"]
[Result "0-1"]
[WhiteElo "2285"]
[BlackElo "2490"]
[EventDate "1998.12.28"]
[PlyCount "40"]

1.c4 Nf6 2.g3 c6 3.Nf3 d5 4.b3 Bf5 5.Bg2 e6 6.O-O h6 7.Bb2 a5 8.d4 Nbd7 9.
Nbd2 Bd6 10.Ne5 O-O 11.f3 Bh7 12.e4 dxe4 13.Nxd7 Qxd7 14.fxe4 e5 15.Qe2 
exd4 16.Bxd4 Be7 17.Bc3 Bc5+ 18.Kh1 Bd4 19.Bxd4 Qxd4 20.Rf4 Qxa1+ 0-1

[Event "28th Rilton Cup"]
[Site "Stockholm SWE"]
[Date "1998.12.30"]
[Round "3.21"]
[White "Hall, Jesper"]
[Black "Couso, Luis"]
[Result "1-0"]
[WhiteElo "2485"]
[BlackElo "2255"]
[EventDate "1998.12.28"]
[PlyCount "73"]

1.e4 c5 2.Nf3 Nc6 3.d4 cxd4 4.Nxd4 e5 5.Nb5 d6 6.c4 Be7 7.N1c3 a6 8.Na3 
Be6 9.Bd3 Bg5 10.O-O h6 11.Nc2 Nf6 12.Qe2 Rc8 13.Kh1 O-O 14.Nd5 Bxc1 15.
Raxc1 Bxd5 16.exd5 Nb8 17.Ne3 g6 18.f4 e4 19.Bb1 Nbd7 20.Qd2 a5 21.b3 Re8 
22.Rce1 Qb6 23.g4 Nh7 24.Qg2 Nc5 25.Qh3 Nd3 26.Re2 Nf6 27.f5 Kg7 28.fxg6 
fxg6 29.g5 Ng8 30.Qd7+ Ne7 31.Qe6 Ne5 32.Qf6+ Kh7 33.gxh6 Kxh6 34.Rf4 Nf3 
35.Rxe4 Rf8 36.Qxe7 Rce8 37.Ng4+ 1-0

[Event "28th Rilton Cup"]
[Site "Stockholm SWE"]
[Date "1998.12.30"]
[Round "3.23"]
[White "Taimanov, Mark"]
[Black "Aengskog, Kent"]
[Result "1/2-1/2"]
[WhiteElo "2455"]
[BlackElo "2250"]
[EventDate "1998.12.28"]
[PlyCount "118"]

1.Nf3 g6 2.e4 Bg7 3.d4 d6 4.c3 Nf6 5.Nbd2 O-O 6.Be2 Nc6 7.O-O e5 8.dxe5 
Nxe5 9.Qc2 Re8 10.Nxe5 dxe5 11.Nc4 Bd7 12.a4 Bc6 13.f3 b6 14.Rd1 Qe7 15.b3
Nh5 16.g3 Rad8 17.Be3 Bf6 18.Bf2 Rxd1+ 19.Rxd1 Rd8 20.Ne3 Rxd1+ 21.Qxd1 
Qd8 22.Nd5 Bg5 23.c4 Ng7 24.h4 Bh6 25.Nb4 Qxd1+ 26.Bxd1 Bb7 27.c5 Ne6 28.
Nd3 f6 29.b4 Nd4 30.Bxd4 exd4 31.Bb3+ Kf8 32.Bd5 c6 33.Bc4 Be3+ 34.Kf1 Ke7
35.Ke2 bxc5 36.Nxc5 Bc8 37.Nd3 Kd6 38.Bg8 h6 39.Bb3 g5 40.hxg5 hxg5 41.Ke1
Bd7 42.Kd1 Be8 43.Ke2 Bd7 44.a5 Bc8 45.Ke1 Bd7 46.Kd1 Be8 47.Ke2 Bd7 48.
Nc5 Bc8 49.g4 Bd7 50.Kd3 Bc8 51.Bf7 Bd7 52.Ke2 Bc8 53.Be8 Bg1 54.Kd3 Be3 
55.Kc4 d3 56.Nxd3 Ba6+ 57.Kc3 Bxd3 58.Kxd3 Bf4 59.Kc4 Be5 1/2-1/2

[Event "28th Rilton Cup"]
[Site "Stockholm SWE"]
[Date "1998.12.30"]
[Round "3.25"]
[White "Bromann, Thorbjoern"]
[Black "Lyrberg, Patrik"]
[Result "1-0"]
[WhiteElo "2270"]
[BlackElo "2415"]
[EventDate "1998.12.28"]
[PlyCount "63"]

1.e4 e6 2.d4 d5 3.Nc3 Bb4 4.exd5 exd5 5.Bd3 Nc6 6.Be3 Nf6 7.h3 O-O 8.a3 
Bxc3+ 9.bxc3 Ne4 10.c4 Re8 11.Ne2 dxc4 12.Bxc4 Nd6 13.Bd3 Nf5 14.Bxf5 Bxf5
15.c4 Bg6 16.Qd2 b6 17.O-O Qd7 18.Qc3 Rad8 19.Ra2 Na5 20.Rc1 Be4 21.Ng3 
Bb7 22.d5 c5 23.Nh5 f6 24.Bh6 Re5 25.Nxg7 Nxc4 26.Qg3 Kf7 27.Rxc4 Bxd5 28.
Rd2 Re1+ 29.Kh2 Qb5 30.Nh5 Rg8 31.Rg4 Qf1 32.Rg7+ 1-0

[Event "28th Rilton Cup"]
[Site "Stockholm SWE"]
[Date "1998.12.30"]
[Round "3.29"]
[White "Nyander, Joakim"]
[Black "Markovic, Miroslav"]
[Result "0-1"]
[WhiteElo "2195"]
[BlackElo "2575"]
[EventDate "1998.12.28"]
[PlyCount "170"]

1.d4 Nf6 2.Nf3 g6 3.Bf4 Bg7 4.e3 d6 5.Be2 O-O 6.h3 c5 7.c3 Nc6 8.O-O b6 9.
Nbd2 Bb7 10.a4 Re8 11.Bh2 Rc8 12.Nc4 Ba6 13.Re1 d5 14.Nce5 Bxe2 15.Qxe2 c4
16.Nd2 e6 17.e4 Bh6 18.Nxc6 Rxc6 19.e5 Nh5 20.Nf1 Qe7 21.Ne3 a6 22.Rf1 Rf8
23.g4 Nf4 24.Bxf4 Bxf4 25.Ng2 Bh6 26.f4 Bg7 27.g5 Rb8 28.Ne3 b5 29.axb5 
Rxb5 30.Rf2 Qb7 31.Ra2 Rcb6 32.Qc2 a5 33.Nd1 Ra6 34.Qa4 Rb3 35.Rc2 h5 36.
Kf1 Kf8 37.Ke1 Ke7 38.h4 Kd8 39.Kd2 Bf8 40.Kc1 Ra8 41.Ne3 Kc7 42.Nd1 Qc6 
43.Kd2 Qb6 44.Rc1 Rb4 45.Qc2 Rb3 46.Rca1 Be7 47.Ra4 Kc6 48.Kc1 Bd8 49.
Rxc4+ Kd7 50.Rca4 Qb5 51.Nf2 Qf1+ 52.Qd1 Rxc3+ 53.bxc3 Qxf2 54.Qd2 Qxh4 
55.Kc2 Qh3 56.Rb1 Rc8 57.Rb7+ Ke8 58.Qd3 Qg2+ 59.Kb3 Rc4 60.Rb8 Qh1 61.
Rxa5 Kd7 62.Ra7+ Bc7 63.Rbb7 Kd8 64.Ra8+ Kd7 65.Rf8 Kc6 66.Rxc7+ Kxc7 67.
Rxf7+ Kb6 68.Rf6 Rc6 69.Rxg6 Ka5 70.Qc2 Qf1 71.f5 Qb5+ 72.Ka2 Rc4 73.fxe6 
Ra4+ 74.Qxa4+ Kxa4 75.Rg8 Qb3+ 76.Ka1 Qxc3+ 77.Ka2 Qc4+ 78.Kb1 Qb5+ 79.Ka2
Qc4+ 80.Kb1 Qc6 81.g6 Qxe6 82.Ra8+ Kb3 83.Rb8+ Kc3 84.g7 Qg6+ 85.Ka2 Qxg7 
0-1

[Event "28th Rilton Cup"]
[Site "Stockholm SWE"]
[Date "1998.12.30"]
[Round "3.30"]
[White "Karlsson, Tomas"]
[Black "Westerinen, Heikki"]
[Result "1/2-1/2"]
[WhiteElo "2190"]
[BlackElo "2435"]
[EventDate "1998.12.28"]
[PlyCount "123"]

1.e4 Nf6 2.e5 Nd5 3.d4 Nb6 4.Nf3 d5 5.Bd3 Bg4 6.h3 Bxf3 7.Qxf3 e6 8.O-O c5
9.c3 Nc6 10.Be3 Qh4 11.Qd1 Nc4 12.Bxc4 dxc4 13.Qa4 cxd4 14.Bxd4 Be7 15.Nd2
O-O 16.Nf3 Qe4 17.Qxc4 Rfd8 18.Rfe1 Qd5 19.Qxd5 Rxd5 20.Rad1 Rad8 21.Kf1 
Kf8 22.Ke2 Ke8 23.a3 R8d7 24.Be3 Nxe5 25.Nxe5 Rxe5 26.Rxd7 Kxd7 27.Rd1+ 
Kc6 28.f4 Re4 29.Kf3 Ra4 30.Rd4 Rxd4 31.Bxd4 Kd5 32.Bxa7 Kc4 33.Bd4 g6 34.
b4 Kb3 35.Ke4 Kxa3 36.Ke5 Kb3 37.g4 Kc4 38.g5 b5 39.h4 Bf8 40.Kf6 Bd6 41.
Kxf7 Bxf4 42.Kg7 e5 43.Bc5 e4 44.Kxh7 e3 45.Kxg6 e2 46.Bf2 Be5 47.h5 Bxc3 
48.h6 Bxb4 49.Kf7 Bc5 50.Bh4 b4 51.g6 b3 52.g7 b2 53.g8=Q b1=Q 54.Qg4+ Kb3
55.Qf3+ Ka4 56.Qa8+ Kb5 57.Qe8+ Ka5 58.Qa8+ Kb5 59.Qb8+ Bb6 60.Qe8+ Ka5 
61.Qe5+ Ka4 62.Qe8+ 1/2-1/2

[Event "28th Rilton Cup"]
[Site "Stockholm SWE"]
[Date "1998.12.30"]
[Round "3.31"]
[White "Hillarp Persson, Tiger"]
[Black "Meijere, Agnese"]
[Result "1-0"]
[WhiteElo "2410"]
[BlackElo "2175"]
[EventDate "1998.12.28"]
[PlyCount "83"]

1.d4 e6 2.c4 b6 3.Nc3 Bb7 4.a3 f5 5.d5 Nf6 6.g3 Na6 7.Bg2 Be7 8.b4 O-O 9.
Bb2 h6 10.Nf3 Qe8 11.Nd4 c5 12.dxc6 dxc6 13.Nxe6 Rf7 14.b5 Nc5 15.Nc7 Qc8 
16.Nxa8 Qxa8 17.bxc6 Bxc6 18.Nd5 Bd8 19.Bxf6 Bxf6 20.Nxf6+ Rxf6 21.Bxc6 
Qxc6 22.Qd5+ Kf8 23.Rd1 Ne4 24.f3 Nc3 25.Qxc6 Rxc6 26.Rd4 Re6 27.Kd2 Na4 
28.Rd5 g6 29.h4 h5 30.Rd7 a5 31.Rd1 Nb2 32.Rc1 Ke8 33.Rg7 Rc6 34.Ke1 Re6 
35.Kf2 Rc6 36.Rc2 Nd1+ 37.Ke1 Ne3 38.Rc3 Nd5 39.Rd3 Ne7 40.Re3 Rc7 41.Re6 
Kf8 42.Rh7 1-0

[Event "28th Rilton Cup"]
[Site "Stockholm SWE"]
[Date "1998.12.30"]
[Round "3.33"]
[White "Bahram, Nihad"]
[Black "Eriksson, Johan"]
[Result "0-1"]
[WhiteElo "2175"]
[BlackElo "2385"]
[EventDate "1998.12.28"]
[PlyCount "120"]

1.e4 c5 2.Bc4 e6 3.Nc3 Nc6 4.a3 Nf6 5.Ba2 d5 6.f3 d4 7.Nce2 d3 8.cxd3 Ne5 
9.Bc4 a6 10.a4 Nxd3+ 11.Bxd3 Qxd3 12.Nh3 Be7 13.O-O O-O 14.Nf2 Qd7 15.d3 
b6 16.Bd2 Bb7 17.Bc3 Rfd8 18.Qc2 Rac8 19.Rfd1 Qc7 20.h3 Nd7 21.b3 Bd6 22.
Qb2 f6 23.Rac1 Qb8 24.d4 cxd4 25.Nxd4 Nc5 26.Qa2 Bf4 27.Rc2 Be3 28.b4 Nxa4
29.Qxa4 e5 30.Kf1 exd4 31.Bd2 Bxd2 32.Rcxd2 Qe5 33.Qb3+ Kh8 34.Nd3 Qb5 35.
Kf2 Qc4 36.Qb2 Qc3 37.Qa2 Qc4 38.Qb2 Qc3 39.Qa2 Qc7 40.Qb2 Qd6 41.Rc1 h6 
42.g3 Rxc1 43.Nxc1 f5 44.exf5 Qd5 45.Qb3 Qxf5 46.Kg2 Rc8 47.Qd3 Qf8 48.Ne2
Qxb4 49.Nxd4 Rf8 50.g4 Rd8 51.Kf2 a5 52.Qe3 a4 53.Ke1 a3 54.Nc2 Qb1+ 55.
Kf2 Rxd2+ 56.Qxd2 Qb3 57.Nd4 Qb2 58.Ke3 Ba6 59.f4 Qb1 60.Ne6 Qb3+ 0-1

[Event "28th Rilton Cup"]
[Site "Stockholm SWE"]
[Date "1998.12.30"]
[Round "3.43"]
[White "Bergqvist, Mats"]
[Black "Bjarnehag, Peter"]
[Result "0-1"]
[WhiteElo "2090"]
[BlackElo "2260"]
[EventDate "1998.12.28"]
[PlyCount "128"]

1.e4 c5 2.Nf3 e6 3.b3 b6 4.Bb2 Bb7 5.Nc3 d6 6.d4 cxd4 7.Nxd4 Nf6 8.Bb5+ 
Nbd7 9.Qe2 a6 10.Bxd7+ Nxd7 11.O-O-O Qg5+ 12.Kb1 Qxg2 13.h4 Qg6 14.Nf5 e5 
15.Rhg1 Qf6 16.Bc1 h6 17.Qd2 g6 18.Nxd6+ Bxd6 19.Qxd6 Qxd6 20.Rxd6 O-O-O 
21.Nd5 Bxd5 22.Rxd5 h5 23.Rg3 Rhe8 24.Rc3+ Kb7 25.Rcd3 Kc7 26.Ba3 Nf6 27.
Bd6+ Kb7 28.Rxe5 Nxe4 29.Rxe8 Rxe8 30.Ba3 Kc6 31.Bc1 Re6 32.f3 Nc5 33.Rc3 
a5 34.a3 Kb5 35.Rc4 Re1 36.Kb2 Rf1 37.a4+ Kc6 38.Rc3 f6 39.Bh6 Rh1 40.Bg7 
Rxh4 41.Bxf6 Rf4 42.Bg5 Rf5 43.f4 Kd7 44.Rg3 Ne4 45.Rd3+ Kc6 46.Bh6 h4 47.
Rh3 Rh5 48.Bg5 Nxg5 49.fxg5 Kd5 50.Kc3 Rh8 51.Kd3 Ke5 52.Kc4 Kf4 53.Kb5 
Kg4 54.Rh1 Kxg5 55.Kxb6 Kh5 56.c4 g5 57.c5 g4 58.c6 g3 59.c7 g2 60.Rc1 h3 
61.Rc5+ Kg6 62.c8=Q Rxc8 63.Rxc8 g1=Q+ 64.Kxa5 Qa7+ 0-1

[Event "28th Rilton Cup"]
[Site "Stockholm SWE"]
[Date "1998.12.31"]
[Round "4.1"]
[White "Conquest, Stuart"]
[Black "Yakovich, Yury"]
[Result "1/2-1/2"]
[WhiteElo "2490"]
[BlackElo "2560"]
[EventDate "1998.12.28"]
[PlyCount "76"]

1.Nf3 d5 2.b3 Bg4 3.e3 Nd7 4.Bb2 Ngf6 5.Be2 e6 6.c4 c6 7.h3 Bh5 8.cxd5 
exd5 9.O-O Bd6 10.Nc3 O-O 11.Nh4 Bxe2 12.Nxe2 Be5 13.Bxe5 Nxe5 14.f4 Ng6 
15.Nf3 Re8 16.Qc2 Qb6 17.Kh1 Ne4 18.Qb2 Ne7 19.g4 a5 20.f5 Nc8 21.Kg2 Ncd6
22.Rab1 a4 23.Nf4 axb3 24.axb3 Qb4 25.Kh2 Nb5 26.Ra1 d4 27.Rxa8 Rxa8 28.
Ra1 Rd8 29.Ra4 Qc5 30.Kg2 Qb6 31.Nxd4 Nxd4 32.Rxd4 Rxd4 33.Qxd4 Qxd4 34.
exd4 Nxd2 35.b4 Kf8 36.Kf2 Ke7 37.Ke3 Nc4+ 38.Ke4 Nd6+ 1/2-1/2

[Event "28th Rilton Cup"]
[Site "Stockholm SWE"]
[Date "1998.12.31"]
[Round "4.4"]
[White "Ulybin, Mikhail"]
[Black "Hall, Jesper"]
[Result "1-0"]
[WhiteElo "2555"]
[BlackElo "2485"]
[EventDate "1998.12.28"]
[PlyCount "87"]

1.e4 c5 2.Nf3 Nc6 3.d4 cxd4 4.Nxd4 Nf6 5.Nc3 d6 6.Be3 Ng4 7.Bg5 Qb6 8.Bb5 
Bd7 9.O-O h6 10.Be3 Nxe3 11.fxe3 e6 12.Qf3 Ne5 13.Bxd7+ Kxd7 14.Qh3 Re8 
15.a4 Kc8 16.a5 Qd8 17.a6 b6 18.b4 Qd7 19.b5 Be7 20.Na2 Bf6 21.Nb4 Kb8 22.
Ndc6+ Ka8 23.Rad1 Rc8 24.Nxe5 Bxe5 25.Nc6 Rxc6 26.bxc6 Qe7 27.c4 Rc8 28.c5
bxc5 29.Rb1 Rxc6 30.Rb7 Rc7 31.Rxc7 Qxc7 32.Qh5 Qc8 33.Qxf7 Bf6 34.Rb1 c4 
35.Rb7 c3 36.Rxa7+ Kb8 37.Rb7+ Ka8 38.Rc7 Qb8 39.Rb7 Qc8 40.Qc7 Qxc7 41.
Rxc7 Kb8 42.Rc6 Be5 43.Kf2 Ka7 44.h3 1-0

[Event "28th Rilton Cup"]
[Site "Stockholm SWE"]
[Date "1998.12.31"]
[Round "4.7"]
[White "Schandorff, Lars"]
[Black "Matros, Alexander"]
[Result "1/2-1/2"]
[WhiteElo "2535"]
[BlackElo "2385"]
[EventDate "1998.12.28"]
[PlyCount "58"]

1.d4 Nf6 2.c4 g6 3.Nc3 Bg7 4.e4 d6 5.Be2 O-O 6.Bg5 Na6 7.Qd2 e5 8.d5 Qe8 
9.Bd3 Nh5 10.Nge2 f5 11.f3 Nc5 12.Bc2 a5 13.O-O-O Bd7 14.exf5 gxf5 15.h3 
f4 16.Bh4 Bf6 17.Bf2 b6 18.Ne4 Nxe4 19.Bxe4 Qe7 20.h4 Kh8 21.g4 fxg3 22.
Nxg3 Nf4 23.Ne2 Nxe2+ 24.Qxe2 Rg8 25.Be3 Rg3 26.Kb1 Rag8 27.Bg5 Rh3 28.
Rxh3 Bxh3 29.Rh1 Bd7 1/2-1/2

[Event "28th Rilton Cup"]
[Site "Stockholm SWE"]
[Date "1998.12.31"]
[Round "4.12"]
[White "Ornstein, Axel"]
[Black "Degerman, Lars"]
[Result "0-1"]
[WhiteElo "2425"]
[BlackElo "2500"]
[EventDate "1998.12.28"]
[PlyCount "80"]

1.c4 e5 2.g3 d6 3.Bg2 g6 4.d4 exd4 5.Qxd4 Nf6 6.Bg5 Bg7 7.Qe3+ Kf8 8.Bh6 
Ng4 9.Bxg7+ Kxg7 10.Qc3+ Qf6 11.h3 Ne5 12.Nd2 Ned7 13.Ne4 Qxc3+ 14.Nxc3 
Nb6 15.Nb5 Na6 16.b3 Re8 17.a4 Nd7 18.Nf3 Ndc5 19.Nfd4 c6 20.Nc3 Nb4 21.a5
Bf5 22.O-O Rad8 23.Rfd1 Nc2 24.Nxf5+ gxf5 25.Rab1 Nb4 26.Rd2 Re5 27.Na2 
Nxa2 28.Rxa2 Ne4 29.Rc1 a6 30.f4 Ree8 31.g4 d5 32.gxf5 d4 33.Bxe4 Rxe4 34.
Rd1 Kf6 35.Rd3 Kxf5 36.Kf2 Rxf4+ 37.Rf3 Rxf3+ 38.Kxf3 Re8 39.b4 Re3+ 40.
Kf2 Rc3 0-1

[Event "28th Rilton Cup"]
[Site "Stockholm SWE"]
[Date "1998.12.31"]
[Round "4.13"]
[White "Ahlander, Bjoern"]
[Black "Bellon Lopez, Juan Manuel"]
[Result "1-0"]
[WhiteElo "2410"]
[BlackElo "2490"]
[EventDate "1998.12.28"]
[PlyCount "73"]

1.d4 Nf6 2.c4 c5 3.d5 e5 4.Nc3 d6 5.e4 Be7 6.Bd3 O-O 7.h3 Ne8 8.Nf3 Nd7 9.
g4 a6 10.Be3 g6 11.Qd2 Ng7 12.Rg1 Nf6 13.Ng5 Bd7 14.a4 Kh8 15.Rg3 Ng8 16.
Ke2 Rb8 17.Rag1 Qc8 18.b3 Bxg5 19.Bxg5 f6 20.Be3 Rf7 21.f4 exf4 22.Bxf4 
Qc7 23.Rf3 Re8 24.Kd1 Ne7 25.Re1 Kg8 26.Bg3 Ref8 27.Kc1 g5 28.e5 fxe5 29.
Rxf7 Rxf7 30.Bxe5 dxe5 31.d6 Qa5 32.dxe7 Rxe7 33.Kb2 h6 34.h4 Qb4 35.hxg5 
Bxa4 36.Bc2 Rd7 37.Qe3 1-0

[Event "28th Rilton Cup"]
[Site "Stockholm SWE"]
[Date "1998.12.31"]
[Round "4.16"]
[White "Markovic, Miroslav"]
[Black "Carlsson, Mats"]
[Result "1-0"]
[WhiteElo "2575"]
[BlackElo "2305"]
[EventDate "1998.12.28"]
[PlyCount "108"]

1.e4 g6 2.Nf3 Bg7 3.d3 d6 4.g3 Nh6 5.Bg2 O-O 6.O-O f5 7.Nc3 Nc6 8.d4 fxe4 
9.Nxe4 Bg4 10.c3 Qd7 11.Neg5 Nf7 12.Qb3 d5 13.Nxf7 Rxf7 14.Ng5 Rf5 15.f3 
Na5 16.Qd1 h6 17.fxg4 Rxf1+ 18.Qxf1 hxg5 19.Bxg5 c6 20.Qd3 Kh7 21.b3 Qxg4 
22.Bxe7 Re8 23.Bf3 Qe6 24.Bg5 b5 25.Bd2 Nb7 26.Re1 Qf7 27.Rxe8 Qxe8 28.Bg4
Nd6 29.Qf1 b4 30.Qh3+ Kg8 31.Be6+ Kf8 32.cxb4 Qe7 33.Qg4 Ne4 34.Qf4+ Qf6 
35.Qxf6+ Bxf6 36.Be3 Ke7 37.Bg4 Nc3 38.a4 Na2 39.h4 Nxb4 40.Bd1 Na6 41.Kf2
Nc7 42.Ke2 Ne6 43.Kd3 Ng7 44.Bg4 Nh5 45.Bf2 Kd6 46.Be1 Kc7 47.Bd2 Be7 48.
Ba5+ Kb7 49.Bxh5 gxh5 50.Ke3 Bf6 51.Bb4 Kc7 52.Bc5 a6 53.Kf4 Kd7 54.Kf5 
Bd8 1-0

[Event "28th Rilton Cup"]
[Site "Stockholm SWE"]
[Date "1998.12.31"]
[Round "4.18"]
[White "Wedberg, Tom"]
[Black "Leer-Salvesen, Bjarte"]
[Result "1-0"]
[WhiteElo "2475"]
[BlackElo "2250"]
[EventDate "1998.12.28"]
[PlyCount "33"]

1.e4 e6 2.d4 d5 3.Nc3 Bb4 4.e5 c5 5.a3 Bxc3+ 6.bxc3 Qc7 7.Nf3 Ne7 8.Be2 b6
9.O-O Ba6 10.Bxa6 Nxa6 11.Ng5 Nb8 12.Qh5 Ng6 13.f4 cxd4 14.f5 exf5 15.e6 
Ne5 16.exf7+ Nxf7 17.Re1+ 1-0

[Event "28th Rilton Cup"]
[Site "Stockholm SWE"]
[Date "1998.12.31"]
[Round "4.22"]
[White "Bator, Robert"]
[Black "Eriksson, Joergen"]
[Result "1/2-1/2"]
[WhiteElo "2410"]
[BlackElo "2230"]
[EventDate "1998.12.28"]
[PlyCount "82"]

1.d4 d5 2.c4 e6 3.Nf3 c6 4.g3 f5 5.Bg2 Nf6 6.O-O Bd6 7.b3 Qe7 8.Bb2 b6 9.
Ne5 Bb7 10.a4 O-O 11.a5 Na6 12.Nd3 Rac8 13.Nc3 Ne4 14.axb6 Nxc3 15.Bxc3 
axb6 16.Qd2 Ra8 17.Ra2 dxc4 18.bxc4 c5 19.Bxb7 Qxb7 20.dxc5 Nxc5 21.Nxc5 
Bxc5 22.Rxa8 Rxa8 23.Rd1 Rf8 24.Qf4 Qe7 25.Qe5 h6 26.e3 Rc8 27.h4 Rc7 28.
Ra1 Bd6 29.Qb5 Rc5 30.Qxb6 Rxc4 31.Qb2 Qc7 32.Bd4 Rc2 33.Qb3 Rc1+ 34.Rxc1 
Qxc1+ 35.Kh2 Qc8 36.Qb6 Qd7 37.Qa5 Kh7 38.Be5 Bxe5 39.Qxe5 Qc6 40.Kg1 Qc1+
41.Kg2 Qc6+ 1/2-1/2

[Event "28th Rilton Cup"]
[Site "Stockholm SWE"]
[Date "1998.12.31"]
[Round "4.26"]
[White "Eriksson, Johan"]
[Black "Von Bahr, Oskar"]
[Result "1-0"]
[WhiteElo "2385"]
[BlackElo "2190"]
[EventDate "1998.12.28"]
[PlyCount "81"]

1.d4 Nf6 2.c4 e6 3.Nc3 Bb4 4.Bg5 c5 5.d5 h6 6.Bh4 Bxc3+ 7.bxc3 d6 8.e3 e5 
9.Qc2 Qe7 10.Nf3 Nbd7 11.Nd2 g5 12.Bg3 Nh5 13.Bd3 Ndf6 14.Rb1 Rg8 15.a4 
Kd8 16.Rb2 Ng7 17.O-O Ng4 18.h3 Nf6 19.f3 Nfh5 20.Bh2 f5 21.g4 e4 22.Bxe4 
fxe4 23.Nxe4 Ne8 24.gxh5 Bxh3 25.Rf2 Bf5 26.Qe2 g4 27.Ng3 gxf3 28.Qxf3 Bd3
29.Kh1 Bxc4 30.Nf5 Qf6 31.Qe4 Ba6 32.c4 Rg5 33.Nd4 Qe7 34.Ne6+ Kd7 35.Nf8+
Kd8 36.Ne6+ Kd7 37.Nxg5 hxg5 38.Qf5+ Kd8 39.h6 Bxc4 40.h7 Qg7 41.Rxb7 1-0

[Event "28th Rilton Cup"]
[Site "Stockholm SWE"]
[Date "1998.12.31"]
[Round "4.27"]
[White "Holst, Allan"]
[Black "Hallberg, Fredrik"]
[Result "1-0"]
[WhiteElo "2350"]
[BlackElo "2170"]
[EventDate "1998.12.28"]
[PlyCount "72"]

1.e4 c5 2.Nc3 Nc6 3.f4 g6 4.Nf3 Bg7 5.Bb5 Nd4 6.a4 e6 7.d3 Ne7 8.e5 O-O 9.
Ne4 a6 10.Bc4 d5 11.exd6 Nef5 12.c3 Nxf3+ 13.Qxf3 Bd7 14.a5 Bc6 15.Qf2 Rc8
16.O-O Bxe4 17.dxe4 Nxd6 18.Bd3 e5 19.f5 gxf5 20.exf5 Bf6 21.Be3 c4 22.Bc2
Kh8 23.Rad1 Qc7 24.Rd5 Nb5 25.Bb6 Qc6 26.Rfd1 Rg8 27.Be4 Qe8 28.Rd7 Rb8 
29.Kh1 Rg4 30.Qe2 Rh4 31.g3 Nd4 32.R1xd4 exd4 33.gxh4 d3 34.Qf3 Bxh4 35.f6
Qe6 36.Bd4 Rg8 1-0

[Event "28th Rilton Cup"]
[Site "Stockholm SWE"]
[Date "1998.12.31"]
[Round "4.30"]
[White "Hansen, Torbjoern Ringdal"]
[Black "Kharitonov, Andrei"]
[Result "0-1"]
[WhiteElo "2060"]
[BlackElo "2570"]
[EventDate "1998.12.28"]
[PlyCount "96"]

1.c4 e5 2.Nc3 Nc6 3.Nf3 f5 4.d4 e4 5.Ng5 Bb4 6.Nh3 Bxc3+ 7.bxc3 d6 8.e3 
Nf6 9.Nf4 O-O 10.h4 Ne7 11.Ba3 c6 12.c5 d5 13.Rb1 Ng6 14.Nxg6 hxg6 15.g3 
Rf7 16.Be2 Be6 17.Rb2 b5 18.Qd2 Rf8 19.Kd1 Kf7 20.Kc2 Rh8 21.Rbb1 Qc7 22.
Rbf1 Rh6 23.Bc1 Rah8 24.Qd1 a5 25.Bd2 a4 26.Qb1 Qe7 27.Rfg1 Nd7 28.Qf1 Kg8
29.Bc1 g5 30.hxg5 Qxg5 31.Qg2 Nf6 32.Ba3 Bf7 33.Rxh6 Rxh6 34.Bb4 Bh5 35.
Bxh5 Qxh5 36.Kd2 Qf3 37.Ba5 Ng4 38.Qxf3 exf3 39.Ke1 Rh2 40.Rf1 Nf6 41.Bb6 
Ne4 42.Ba5 Kf7 43.Bb4 Kg6 44.Ba5 Kg5 45.Bd8+ Kg4 46.Ba5 Kh3 47.Bb4 Kg2 48.
Ba5 Nd2 0-1

[Event "28th Rilton Cup"]
[Site "Stockholm SWE"]
[Date "1998.12.31"]
[Round "4.33"]
[White "Azizi, Haroon"]
[Black "Sammalvuo, Tapani"]
[Result "0-1"]
[WhiteElo "2220"]
[BlackElo "2410"]
[EventDate "1998.12.28"]
[PlyCount "70"]

1.e4 c5 2.Nf3 d6 3.d4 cxd4 4.Nxd4 Nf6 5.Nc3 a6 6.Bd3 g6 7.Bg5 Bg7 8.Qd2 h6
9.Bh4 Nbd7 10.f3 b5 11.Nce2 Bb7 12.c4 bxc4 13.Bxc4 e5 14.Bxf6 Nxf6 15.Nc2 
d5 16.exd5 Bxd5 17.Bxd5 Qxd5 18.Qb4 Bf8 19.Qb6 Nd7 20.Qe3 Bc5 21.Nc3 Qb7 
22.Qd2 Rb8 23.Rb1 Nf6 24.b4 Ba7 25.Qd6 Qe7 26.Qc6+ Kf8 27.Qxa6 Kg7 28.Qe2 
Rhc8 29.Nd1 Nd5 30.g3 Nxb4 31.Nce3 Nc2+ 32.Qxc2 Rxc2 33.Rxb8 Rc1 34.Rb3 
Qd6 35.Ke2 Bxe3 0-1

[Event "28th Rilton Cup"]
[Site "Stockholm SWE"]
[Date "1999.01.02"]
[Round "5.2"]
[White "Degerman, Lars"]
[Black "Ulybin, Mikhail"]
[Result "1/2-1/2"]
[WhiteElo "2500"]
[BlackElo "2555"]
[EventDate "1998.12.28"]
[PlyCount "89"]

1.d4 e6 2.c4 Bb4+ 3.Bd2 Bxd2+ 4.Nxd2 d6 5.Ngf3 Qe7 6.e4 e5 7.Qc2 Nf6 8.Be2
O-O 9.O-O Bg4 10.Rfe1 a5 11.Bf1 c5 12.d5 Nbd7 13.g3 Bxf3 14.Nxf3 g6 15.Bh3
Nh5 16.Nh4 Ng7 17.Re2 Nf6 18.Ng2 Nfe8 19.f4 Nc7 20.Qc3 b5 21.fxe5 dxe5 22.
Ne3 b4 23.Qd3 Nce8 24.Rf1 h5 25.Ref2 a4 26.Ng2 Nd6 27.Nh4 b3 28.a3 g5 29.
Nf5 Ngxf5 30.Bxf5 Kg7 31.Qc3 f6 32.Qd3 Rh8 33.Be6 Rh6 34.h4 g4 35.Qe3 Ne8 
36.Rf5 Ra7 37.Qe2 Kh7 38.R5f2 Rc7 39.Qd2 Ra7 40.Qe3 Kg7 41.Qc3 Nc7 42.Bf5 
Qd6 43.Qe3 Ne8 44.Be6 Qe7 45.Kg2 1/2-1/2